[Event "IECC M email"]
[Site "IECC email"]
[Date "2000.05.22"]
[Round "?"]
[White "Kearman, James"]
[Black "Harper, Adrian"]
[Result "1-0"]
[WhiteElo "1081"]
[BlackElo "1008"]
[PlyCount "65"]
[EventDate "2000.??.??"]
[EventType "tourn (corr)"]
[EventRounds "2"]
[SourceTitle "Corr 2008"]
[Source "ChessBase"]
[SourceDate "2008.06.24"]
[SourceVersion "1"]
[SourceVersionDate "2008.06.24"]
[SourceQuality "1"]

1. Nf3 d5 2. g3 Nf6 3. Bg2 Nc6 4. 0-0 Ne4 5. d3 Nd6 6. Bf4 f6 7. d4 Bg4 8. c3 Qd7 9. Nbd2 g5 10. Bxd6 Qxd6 11. e4 0-0-0 12. h3 Be6 13. Re1 h5 14. b4 g4 15. hxg4 hxg4 16. Nh4 Rg8 17. Qe2 Rg5 18. a4 Kb8 19. Rad1 Bf7 20. exd5 Bxd5 21. Nc4 Qd7 22. Bxd5 Qxd5 23. b5 e6 24. Ne3 Qe4 25. bxc6 Qxc6 26. Nxg4 f5 27. Ne5 Qe8 28. Nef3 Rg7 29. Nxf5 Rg6 30. d5 Qxa4 31. dxe6 Rxd1 32. Rxd1 Kc8 33. e7 1-0